| 000 | 00744nam a22002537a 4500 | ||
|---|---|---|---|
| 005 | 20170124110055.0 | ||
| 010 | _aA-386590 | ||
| 020 |
_c60.00 _a0394355776 |
||
| 035 | _aA-386590 | ||
| 037 | _bCen Lib/Ret | ||
| 040 |
_aDPL _bEN |
||
| 082 |
_a613.8 _bDUS |
||
| 100 |
_aDusek, Dorothy E. _926254 |
||
| 245 |
_aDrugs : _cby Dorothy E. Dusek [and] Daniel A. Girdano _bfactual account / |
||
| 250 | _a4th ed | ||
| 260 |
_aNew Delhi _bAsian Books _c1989 |
||
| 270 |
_b New Delhi _e110002 |
||
| 300 |
_ax,245p. _c21cm(Hb) |
||
| 500 | _aIncludes index | ||
| 650 |
_aDrug abuse _9101858 |
||
| 650 |
_aDrug abuse _xphysiological aspects _926256 |
||
| 700 |
_aGirdano, Daniel A. _926257 |
||
| 942 |
_2ddc _cEN _h613.8 _mDUS |
||
| 999 |
_c129397 _d129397 |
||